| 000 | 00498nam a22001457a 4500 | ||
|---|---|---|---|
| 003 | 0 | ||
| 005 | 20230624103657.0 | ||
| 008 | 230624b xxu||||| |||| 00| 0 eng d | ||
| 050 |
_aPN 2068 _b.C53 2022 |
||
| 245 |
_aRise of indie artists in the Philippines during the pandemic: basis for the proposed various output _cChan, Erika S. |
||
| 260 |
_aLas PiƱas City _bSouthville International School and Colleges _cC2022 |
||
| 300 |
_aviii, 117pp. _c28cm. |
||
| 500 | _aIndie artist. | ||
| 942 |
_2lcc _cTH |
||
| 999 |
_c365087 _d365087 |
||